sanat - "Tunturitiellä" - Statistics

Yleistilastot
  • Tätä visaa on pelattu 10 kertaa
  • Keskiarvotulos 85 / 128
Vastaustilastot
Vastaus % Oikein
on
100%
tie
100%
aavan
88%
huumaa
88%
kuka
88%
maa
88%
sen
88%
sinua
88%
vie
88%
yli
88%
aamu
75%
auringon
75%
etsii
75%
hehkullaan
75%
kauneuden
75%
kesä
75%
löys
75%
löysi
75%
löytää
75%
maan
75%
öisen
75%
oivaltaa
75%
sun
75%
taivaltaa
75%
tunturitie
75%
valo
75%
virran
75%
75%
yön
75%
aamut
63%
alati
63%
ja
63%
ken
63%
kepeä
63%
kulkee
63%
näät
63%
pitkospuut
63%
sinun
63%
sitä
63%
suven
63%
tiesi
63%
toiveiden
63%
tuoksuinen
63%
tutut
63%
ylitse
63%
edessä
50%
iloa
50%
kiire
50%
kiireinen
50%
taa
50%
turhaan
50%
työ
50%
laen
38%
suvea
38%
takana
38%
tuoksuu
38%
ylvään
38%
kuiskauksen
25%
kuulla
25%
onnen
25%
pienoisen
25%
polun
25%
suut
25%
tunnet
25%
elät
13%
näet
13%
nuoruuden
13%
tule
13%
voit
13%
yhä
13%
Ehtoja vastaavia visoja ei löytynyt
Tulosjakauma
Jokaisen tuloksen saaneiden osuus
Persentiili vastausten määrän mukaan
Tuloshistoriasi
Et ole pelannut tätä visaa